000 00595nam a2200241Ia 4500
003 OSt
005 20221005120210.0
006 a|||||r|||| 00| 0
007 ta
008 221004b |||||||| |||| 00| 0 eng d
024 _a71098
037 _cTextual
040 _aCRL
_cCRL
_beng
041 _2eng
_aeng
082 _aY138:7:7, J9
110 _aUnited Nations.
245 0 _aDevelopment of national social service programmes
260 _c1959
650 _aSOCIOLOGY
700 _aUnited Nations.
942 _hY138:7:7, J9
_cTEXL
_2cc
999 _c1037143
_d1037143